Revitalizácia námestia s prvkami modro-zelenej infraštruktúry

Guardado en:
Detalles Bibliográficos
Autor principal: Čölleová, Emma Aurélia (Autor)
Otros Autores: Wittmanová, Réka (Orientador)
Formato: Manuscrito Libro
Lenguaje:eslovaco
Publicado: 2025
Materias:
Acceso en línea:http://is.stuba.sk/zp/portal_zp.pl?podrobnosti=181825
CRZP
Etiquetas: Agregar Etiqueta
Sin Etiquetas, Sea el primero en etiquetar este registro!

MARC

LEADER 00000ntm a22000003a 4500
001 stuzp103814
003 SK-STU
005 20250722141041.3
007 ta
008 150427s2015----xo-----f-mn---000-0-slo-d
040 |a STU  |b slo 
041 0 |a slo 
100 1 |a Čölleová, Emma Aurélia  |u 010280  |4 aut  |U SvF Stavebná fakulta  |T SvF Katedra zdravotného inžinierstva  |X 110240  |U V280  |Y 29  |7 110240 
242 0 1 |a Revitalization of a Square with Blue-Green Infrastructure Elements  |y eng 
245 1 0 |a Revitalizácia námestia s prvkami modro-zelenej infraštruktúry 
260 |c 2025 
650 4 |a rainwaters  |2 eng 
650 4 |a climate change  |2 eng 
650 4 |a blue-green infrastructure  |2 eng 
650 4 |a klimatická zmena  |2 slo 
650 4 |a modro-zelená infraštruktúra  |2 slo 
650 4 |a dažďové vody  |2 slo 
700 1 |a Wittmanová, Réka  |u 010280  |k Z1  |4 ths  |U SvF Stavebná fakulta  |T SvF Katedra zdravotného inžinierstva  |X 55673  |U V280  |Y 29  |7 55673 
856 4 |u http://is.stuba.sk/zp/portal_zp.pl?podrobnosti=181825 
856 4 |u https://opac.crzp.sk/?fn=detailBiblioForm&sid=226A7A544DA3649F6C533DE9F6D0  |z CRZP